Normalizovaná úprava písomností /

Saved in:
Bibliographic Details
Main Author: Freml, Václav (Author)
Format: Book
Published: Praha : Státní pedagogické nakladatelství, 1987
Edition:3.uprav.vyd.
Tags: Add Tag
No Tags, Be the first to tag this record!

MARC

LEADER 00000nam a22000003a 4500
001 stu15350
005 20150617225800.8
008 ------s1987----cs----------------------d
040 |a STU  |b slo 
041 0
044 |a cs 
080 |a 003/083.74/  |7 stu_us_auth*stu5451 
100 1 |a Freml, Václav  |4 aut 
245 1 |a Normalizovaná úprava písomností /  |c [aut.]Freml,Václav 
250 |a 3.uprav.vyd. 
260 |a Praha :  |b Státní pedagogické nakladatelství,  |c 1987 
300 |a 127 s :  |b Tab.,lit 
996 |b C80141  |c C*80141  |l CCIII  |s P  |a 0  |w stu15350_0001